BD célèbres adaptées au cinéma - Statistiques

Statistiques générales
  • Ce quiz a été pris 69 fois
  • Le résultat moyen est 7 sur 28
Statistiques - réponses
Créateur(s) Année Domaine Nom de la série Ultime indice % Correct
Zep 1992 Humour Titeuf IEU
70%
Morris 1946 Western Lucky Luke EUY
63%
Franquin 1957 Humour Gaston AO
62%
Peyo 1958 Humour Les Schtroumpfs EOU
60%
Hergé 1929 Aventure Les aventures de Tintin AEIU
59%
Roba 1959 Humour Boule et Bill EIOU
46%
Rob-Vel 1938 Aventure Spirou et Fantasio AEIOU
46%
Graton 1957 Sport Michel Vaillant AEI
38%
Christin/Mèzières 1967 SF Valérian AEI
29%
Goscinny/Tabary 1962 Humour Iznogoud IOU
27%
Francq/Van Hamme 1990 Aventure Largo Winch AIO
27%
Erroc/Pica 1997 Humour Les Profs EO
27%
Charlier/Giraud 1963 Western Blueberry EUY
22%
Tome/Janry 1990 Aventure Le petit Spirou EIOU
19%
Zidrou/Godi 1992 Humour L'élève Ducobu EOU
16%
Binet 1977 Humour Les Bidochons IO
16%
Peyo 1960 Aventure Benoît Brisefer EIO
14%
Pétillon 1974 Policier Jack Palmer AE
10%
Tardi 1976 Aventure Les aventures d'Adèle Blanc-Sec AEU
10%
Forton 1908 Aventure Les pieds nickelés EI
10%
Zidrou/Darasse 2001 Humour Tamara A
8%
Lupano/Cauuet 2014 Humour Les vieux fourneaux AEIOU
6%
Rivière/Pinchon 1905 Humour Bécassine AEI
5%
Charlier/Uderzo 1959 Aviation Les aventures de Tanguy et Laverdure AEUY
5%
Vandersteen 1945 Humour Bob et Bobette EO
3%
Forest 1972 SF Barbarella AE
2%
Ollivier/Marcello 1970 Aventure Docteur Justice EIOU
0%
Christophe 1889 Humour La famille Fenouillard AEIOU
0%
Aucun quiz correspondant
Distribution des résultats
% des personnes avec chaque résultat
Percentile par nombre de réponses
Votre historique - résultats
Vous n’avez pas pris ce quiz